000
00296nam a22001337a 4500
008
181015b xxu||||| |||| 00| 0 eng d
020
_a
080365523
041
_a
eng
080
_a
610
100
_a
4
101
_a
SHM
245
_a
Diagnosis Of Skin Disease
_c
Lazarus.G.S
942
_2
udc
_c
BK
999
_c
49697
_d
49697